Évènements marquants des années 1950 par images - Statistiques

Statistiques générales
  • Ce quiz a été pris 57 fois
  • Le résultat moyen est 10 sur 15
Statistiques - réponses
Par images Hint Réponse % Correct
5 mars 1953 Mort de {Staline}
100%
18 avril 1955 Mort d'{Albert} {Einstein}
96%
23 mars 1956 Sortie du premier album d'{Elvis} {Presley}
94%
29 octobre 1956 Début de la crise du Canal de {Suez}
91%
1er novembre 1954 Début de la guerre d’{Algérie}
87%
1er janvier 1959 Victoire de la révolution cubaine avec l'arrivée au pouvoir de {Fidel} {Castro}
83%
25 juin 1950 Début de la guerre de {Corée}
79%
1er janvier 1958 Création de la {Ve} {République} française
77%
17 mai 1954 Décision Brown v. Board of Education mettant fin à la {ségrégation} scolaire légale
70%
4 octobre 1957 Lancement du {Spoutnik} {1} par l’URSS
64%
25 avril 1953 Découverte de l’{ADN}
51%
4 novembre 1952 Élection de {Dwight} {D}. {Eisenhower}, 34e président des États-Unis
45%
25 mars 1957 Signature du {Traité} {de} {Rome} créant la Communauté économique européenne
38%
18 avril 1951 Signature du {Traité} {de} {Paris} créant la Communauté Européenne du Charbon et de l’Acier
23%
25 décembre 1957 Sortie du film {Les} {Sentiers} {de} {la} {Gloire}, de Stanley Kubrick
13%
Aucun quiz correspondant
Distribution des résultats
% des personnes avec chaque résultat
Percentile par nombre de réponses
Votre historique - résultats
Vous n’avez pas pris ce quiz